Tracks on Albums #18: Wish You Were Here - Statistics

General Stats
  • This quiz has been taken 126 times
  • The average score is 5 of 5
Answer Stats
Track No. Answer % Correct
4 Wish You Were Here
100%
1 Shine On You Crazy Diamond (Parts I-V)
94%
5 Shine On You Crazy Diamond (Parts VI-IX)
94%
3 Have a Cigar
87%
2 Welcome to the Machine
82%
No matching quizzes found
Score Distribution
Percent of People with Each Score
Percentile by Number Answered
Your Score History
You have not taken this quiz